[Event "Open A"]
[Site "Djakovo CRO"]
[Date "2005.05.01"]
[Round "1"]
[White "Martic,Z"]
[Black "Jankovic,A"]
[Result "0-1"]
[WhiteElo "2298"]
[BlackElo "2480"]

1.d4 Nf6 2.c4 e6 3.Nc3 Bb4 4.f3 d5 5.a3 Bxc3+ 6.bxc3 O-O 7.cxd5 exd5 8.e3 b6
9.Bd3 Ba6 10.Ne2 c5 11.O-O Bxd3 12.Qxd3 Re8 13.Ra2 Nc6 14.g4 c4 15.Qb1 Na5
16.g5 Nh5 17.e4 Nb3 18.Be3 b5 19.Ng3 Nxg3 20.hxg3 a5 21.e5 b4 22.Rh2 g6 23.f4 bxc3
24.f5 Nd2 25.fxg6 Nxb1 26.gxf7+ Kg7 27.g6 h5 28.fxe8=Q Qxe8 29.Rxh5 Qxg6
30.Rg5 Qxg5 31.Bxg5 Nxa3 32.e6 Kg6 33.e7 Kxg5 34.Rf8 c2 35.Rxa8 c1=Q+ 36.Kh2 Qc2+  0-1

[Event "Open A"]
[Site "Djakovo CRO"]
[Date "2005.05.02"]
[Round "3"]
[White "Cebalo,M"]
[Black "Kovacevic,A"]
[Result "0-1"]
[WhiteElo "2507"]
[BlackElo "2550"]

1.d4 Nf6 2.c4 e6 3.Nc3 Bb4 4.f3 d5 5.a3 Bxc3+ 6.bxc3 c5 7.cxd5 Nxd5 8.dxc5 Qa5
9.e4 Ne7 10.Be3 O-O 11.Qb3 Qc7 12.a4 Nec6 13.f4 Na5 14.Qa3 Nd7 15.Nh3 b6
16.cxb6 axb6 17.Nf2 Ba6 18.Bxa6 Rxa6 19.Qb4 Nc4 20.Bd4 e5 21.fxe5 Ndxe5 22.O-O Ra5
23.Rfd1 Re8 24.Rab1 Re6 25.Bxe5 Raxe5 26.Rd5 h6 27.Rxe5 Nxe5 28.Rd1 Rg6 29.Kh1 Nf3
30.e5 Qxe5 31.g3 Qe2 32.Kg2 Nxh2 33.Qf4 Ng4 34.Rd8+ Kh7 35.Qxf7 Rf6  0-1

[Event "ch-FRA Top 16 Poule Haute"]
[Site "Port Barcares FRA"]
[Date "2005.05.05"]
[Round "9"]
[White "Bauer,Ch"]
[Black "Schlosser,P"]
[Result "1/2-1/2"]
[WhiteElo "2640"]
[BlackElo "2559"]

1.d4 Nf6 2.c4 e6 3.Nc3 Bb4 4.f3 d5 5.a3 Bxc3+ 6.bxc3 c5 7.cxd5 Nxd5 8.dxc5 Qa5
9.e4 Nc7 10.Qd4 f6 11.Qb4 Nc6 12.Qxa5 Nxa5 13.Rb1 Bd7 14.Nh3 O-O-O 15.Nf4 Ba4
16.Be2 e5 17.Nh5 Ne6 18.Be3 Bb3 19.Kf2 Rhf8 20.Ng3 g6 21.Nf1 Nf4  1/2-1/2

[Event "ch-FRA Top 16 Poule Basse"]
[Site "Port Barcares FRA"]
[Date "2005.05.06"]
[Round "10"]
[White "Motwani,P"]
[Black "Lutz,C"]
[Result "1/2-1/2"]
[WhiteElo "2543"]
[BlackElo "2614"]

1.c4 Nf6 2.d4 e6 3.Nc3 Bb4 4.f3 O-O 5.e4 d5 6.e5 Nfd7 7.cxd5 exd5 8.a3 Bxc3+
9.bxc3 f6 10.exf6 Qxf6 11.Bd3 Nb6 12.Ne2 Bf5 13.Bf4 Rf7 14.Be5 Qg5 15.Bxf5 Qxf5
16.Ng3 Qd7 17.O-O Nc6 18.f4 Nc4 19.Qe2 Re8 20.h3 b5 21.Rf3 a5 22.Nf1 b4 23.axb4 axb4
24.Qd1 bxc3 25.Rxc3 N6xe5 26.fxe5 c5 27.Ne3  1/2-1/2

[Event "ch-UKR w"]
[Site "Alushta UKR"]
[Date "2005.05.24"]
[Round "9"]
[White "Baklanova,T"]
[Black "Zdebskaja,N"]
[Result "0-1"]
[WhiteElo "2250"]
[BlackElo "2344"]

1.d4 Nf6 2.c4 e6 3.Nc3 Bb4 4.f3 d5 5.a3 Bxc3+ 6.bxc3 c5 7.cxd5 Nxd5 8.dxc5 Qa5
9.e4 Nc7 10.Be3 O-O 11.Qb3 Nca6 12.Kf2 Nd7 13.Bxa6 Qxa6 14.Rd1 Ne5 15.f4 Ng4+
16.Kf3 e5 17.Ne2 Nxh2+ 18.Rxh2 Bg4+ 19.Kxg4 Qxe2+ 20.Kh4 Qxe3 21.Rf1 exf4
22.Rh3 Qxe4 23.Qb4 g5+ 24.Kh5 Qg6+ 25.Kg4 h5+ 26.Kf3 g4+  0-1

[Event "TCh-ROM A"]
[Site "Tusnad ROM"]
[Date "2005.05.25"]
[Round "5"]
[White "Bucur,O"]
[Black "Madan,A"]
[Result "1/2-1/2"]
[WhiteElo "2237"]
[BlackElo "2310"]

1.d4 Nf6 2.c4 e6 3.Nc3 Bb4 4.f3 O-O 5.a3 Bxc3+ 6.bxc3 b6 7.e4 Ne8 8.Bd3 Nc6
9.Nh3 Ba6 10.O-O Na5 11.Qe2 c5 12.e5 f6 13.Be3 Rc8 14.Rac1 d6 15.f4 d5 16.Bxh7+ Kxh7
17.Qh5+ Kg8 18.Ng5 fxg5 19.fxg5 Bxc4 20.Rxf8+ Kxf8 21.g6 Ke7 22.Bg5+ Kd7
23.Bxd8 Rxd8 24.Qf3 Nc6 25.Qf7+ Ne7 26.dxc5 bxc5 27.Rb1 Ba6 28.h4 Nc7 29.h5 Be2
30.Qf2 Bd3 31.Rb7 Kc8 32.Rxa7 Nc6 33.Ra4 d4 34.c4 Be4 35.h6 gxh6 36.g7 d3
37.Qd2 Rg8 38.Qxh6 d2 39.Qxd2 Rxg7 40.Qd6 Rxg2+ 41.Kf1 Rg5 42.Qf8+ Kb7 43.Qxc5 Bc2
44.Rb4+ Nxb4 45.Qxb4+ Kc8 46.Qc3 Be4 47.a4 Bc6 48.a5 Rg4 49.Kf2 Rf4+ 50.Kg1 Rg4+
51.Kf2 Rf4+ 52.Kg1 Rg4+  1/2-1/2

[Event "VII Open"]
[Site "Salou ESP"]
[Date "2005.05.28"]
[Round "9"]
[White "Moskalenko,V"]
[Black "Jakobsen,O"]
[Result "1/2-1/2"]
[WhiteElo "2533"]
[BlackElo "2387"]

1.d4 Nf6 2.c4 e6 3.Nc3 Bb4 4.f3 O-O 5.a3 Bxc3+ 6.bxc3 Ne8 7.e4 b6 8.Bd3 Nc6
9.f4 Ba6 10.Nf3 Na5 11.Qe2 c5 12.d5 exd5 13.cxd5 Bxd3 14.Qxd3 c4 15.Qc2 Nb3
16.Rb1 Nxc1 17.Rxc1 Qe7 18.O-O Nf6 19.Rce1 Qxa3 20.Nd4 d6 21.Rf3 Rae8 22.e5 Nxd5
23.Rh3 g6 24.Qf2 Qc5 25.Qh4 h5 26.e6 Rxe6 27.f5 Re5 28.Rf1 Rfe8 29.fxg6 fxg6
30.Rg3 Kg7 31.Rgf3 R8e7 32.Qf2 Qc7 33.h3 a6 34.Rf8 Kh7 35.Qf3 Qd7 36.Ra8 Re8
37.Rxa6 Qb7 38.Rfa1 Re1+ 39.Kh2 Rxa1 40.Rxa1 Re3 41.Qf2 Qe7 42.Nf3 Nxc3 43.Ra8 Rxf3
44.Qxf3 Qe5+ 45.Kg1 Qe1+ 46.Kh2 Qe5+  1/2-1/2

[Event "TCh-BIH Prem"]
[Site "Neum BIH"]
[Date "2005.06.05"]
[Round "2"]
[White "Jakovljevic,Vlado"]
[Black "Kurajica,B"]
[Result "0-1"]
[WhiteElo "2402"]
[BlackElo "2539"]

1.d4 Nf6 2.c4 e6 3.Nc3 Bb4 4.f3 d5 5.a3 Bxc3+ 6.bxc3 c6 7.e4 b6 8.e5 Ng8
9.cxd5 cxd5 10.Bb5+ Bd7 11.Bd3 Qh4+ 12.g3 Qh5 13.a4 Nc6 14.Kf2 f6 15.exf6 Nxf6
16.Ne2 g5 17.h4 g4 18.Nf4 Qf7 19.Ba3 gxf3 20.Qxf3 e5 21.dxe5 Ng4+ 22.Kg2 Ngxe5
23.Rhe1 Kd8 24.Qe3 Re8 25.Qd2 Rg8 26.Be2 Kc7 27.Nxd5+ Kb7 28.a5 Rxg3+ 29.Kxg3 Rg8+
30.Qg5 Rxg5+ 31.hxg5 Qxd5 32.a6+ Kc8 33.c4 Qe4  0-1

[Event "19th Open Pula"]
[Site "Pula CRO"]
[Date "2005.06.21"]
[Round "3"]
[White "Cebalo,M"]
[Black "Brkic,D CRO"]
[Result "1-0"]
[WhiteElo "2507"]
[BlackElo "2129"]

1.d4 Nf6 2.c4 e6 3.Nc3 Bb4 4.f3 d5 5.a3 Bxc3+ 6.bxc3 c5 7.cxd5 exd5 8.e3 O-O
9.Bd3 Re8 10.Ne2 b6 11.O-O Nc6 12.Ng3 a6 13.Ra2 Ra7 14.Re2 Rae7 15.Bb1 Na5
16.Ree1 Nc6 17.Qd3 Qd6 18.Nh5 g6 19.dxc5 bxc5 20.Nxf6+ Qxf6 21.Qxd5 Re5 22.Qd2 Rh5
23.e4 Rd8 24.Qf2 Qxc3 25.Bb2 Qd2 26.Qxd2 Rxd2 27.Bc3 Rd6 28.g4 Rh6 29.e5 Rd8
30.Kg2 g5 31.Rd1 Re6 32.Rxd8+ Nxd8 33.Bf5 Rc6 34.Rb1 Bxf5 35.gxf5 Rc8 36.Rb6 Nc6
37.Rxa6 Ne7 38.f6 Ng6 39.Kf2 Nf4 40.Ke3 h6 41.a4 Kh7 42.a5 Kg6 43.Rd6 Rb8
44.a6 Rb3 45.Kd2 Ra3 46.Kc2 c4 47.Bd4 Ne2 48.Bb2 Ra2 49.Kb1 Ra4 50.e6 fxe6
51.Rxe6 Nf4 52.Rc6 Nd5 53.Bd4 Rb4+ 54.Kc1 Nf4 55.a7 Ra4 56.Kb2 Ne2 57.Rxc4 Rxc4
58.a8=Q Rxd4 59.Qe8+ Kxf6 60.Qxe2 Rh4 61.Kc2 Kf5 62.Kd2 Kf6 63.Ke1 Kf5 64.Kf1 Kf6
65.Kg2 Kf5 66.Qa6 Rh5 67.Kg3 Rh4 68.h3 Rh5 69.Qc8+  1-0

[Event "6th EICC"]
[Site "Warsaw POL"]
[Date "2005.06.22"]
[Round "5"]
[White "Bente,B"]
[Black "Palac,M"]
[Result "0-1"]
[WhiteElo "2218"]
[BlackElo "2574"]

1.d4 Nf6 2.c4 e6 3.Nc3 Bb4 4.f3 Nc6 5.e4 d5 6.e5 Ng8 7.Be3 dxc4 8.Bxc4 Nxe5
9.Bxe6 Bxe6 10.dxe5 Qxd1+ 11.Kxd1 O-O-O+ 12.Kc2 Ne7 13.Nge2 Nc6 14.Bf4 Bf5+
15.Kb3 Be6+ 16.Kc2 Bf5+ 17.Kb3 Rhe8 18.Rhe1 Be6+ 19.Kc2 Bf5+ 20.Kb3 Bf8 21.Rad1 Na5+
22.Ka4 b6 23.Rxd8+ Rxd8 24.b4 Bc2+ 25.Kb5 Bd3+ 26.Ka4 Bc2+ 27.Kb5 c6+ 28.Ka6 Bxb4
29.Kxa7 Rd7+ 30.Ka8 b5 31.Be3 c5  0-1

[Event "White Nights"]
[Site "St Petersburg RUS"]
[Date "2005.06.23"]
[Round "6"]
[White "Golovchenko,G"]
[Black "Smirnov,Arte"]
[Result "1-0"]
[WhiteElo "2293"]
[BlackElo "2413"]

1.d4 Nf6 2.c4 e6 3.Nc3 Bb4 4.f3 c5 5.d5 b5 6.e4 bxc4 7.Bg5 exd5 8.e5 Qe7
9.Qe2 h6 10.exf6 Bxc3+ 11.bxc3 Qxe2+ 12.Nxe2 hxg5 13.fxg7 Rg8 14.h4 Nc6 15.hxg5 Rxg7
16.Nf4 Rxg5 17.O-O-O d4 18.Bxc4 Bb7 19.Rde1+ Kf8 20.Rh7 Rf5 21.Nh5 Ne7 22.f4 Rxh5
23.Rxf7+ Kg8 24.Rf5+ Bd5 25.Rxh5 Bxc4 26.Rxe7 Bxa2 27.cxd4 cxd4 28.Rxd7 a5
29.Rxd4 a4 30.Kb2 Bb3 31.Ka3 Rc8 32.Rd7 Rc3 33.Rg5+ Kf8 34.Ra7 Re3 35.g3 Bd1+
36.Kb4 Rb3+ 37.Kc4 Be2+ 38.Kd4 Rb4+ 39.Ke3 Bd1 40.Rd5  1-0

[Event "6th EICC"]
[Site "Warsaw POL"]
[Date "2005.06.25"]
[Round "7"]
[White "Kadziolka,B"]
[Black "Loeffler,S"]
[Result "0-1"]
[WhiteElo "2311"]
[BlackElo "2429"]

1.d4 e6 2.c4 Nf6 3.Nc3 Bb4 4.f3 c5 5.d5 b5 6.e4 bxc4 7.Bxc4 exd5 8.Bxd5 Nxd5
9.Qxd5 Nc6 10.Ne2 Ba6 11.Kf2 O-O 12.Be3 Rb8 13.Rhd1 Bxc3 14.bxc3 Rb2 15.Rd2 Qb8
16.Bf4 Qb6 17.Rad1 Na5 18.Rxb2 Qxb2 19.Rd2 Qa3 20.Be5 Bc4 21.Qxd7 Bxe2 22.Qg4 g6
23.Rxe2 Nc4 24.Bf6 Qc1 25.Qd7 Qf4 26.e5 Nb6 27.Qd6 h5 28.Rd2 Re8 29.g3 Qa4
30.Qxc5 Nd7 31.Qd4 Qxd4+ 32.Rxd4 Nxe5 33.Bxe5 Rxe5 34.Re4 Ra5 35.Re2 Kf8
36.Ke3 Ke7 37.Kd4+ Kd6 38.f4 Ra3 39.Kc4 Ra6 40.Rd2+ Kc6 41.h4 Ra4+ 42.Kb3 Re4
43.Rd3 a6 44.Rf3 Kc5 45.Rd3 Re7 46.Rd8 Re3 47.Rf8 f5 48.Rf6 Rxg3 49.Rxa6 Rg4
50.a4 Rxh4 51.Rxg6 Rxf4 52.Rg8 h4 53.Rc8+ Kb6 54.c4 Rg4 55.Kb4 f4 56.c5+ Kb7
57.Rf8 h3 58.Rh8 f3+ 59.Kb5 f2 60.c6+ Kc7 61.Rh7+ Kd6 62.Rf7 h2 63.c7  0-1

[Event "2nd RUS Pupils Summer Boys"]
[Site "Satka RUS"]
[Date "2005.06.27"]
[Round "1"]
[White "Tkachenko,Evgeni"]
[Black "Lanin,A"]
[Result "0-1"]
[WhiteElo "2263"]
[BlackElo "2407"]

1.d4 Nf6 2.c4 e6 3.Nc3 Bb4 4.f3 d5 5.a3 Bxc3+ 6.bxc3 c5 7.cxd5 Nxd5 8.dxc5 Qa5
9.e4 Nf6 10.Be3 O-O 11.Qb3 Nfd7 12.Nh3 Qc7 13.Qc4 Ne5 14.Qb5 Na6 15.Rb1 Bd7
16.c6 Bxc6 17.Qb3 Qa5 18.Nf2 Ba4 19.Qb2 Rac8 20.f4 Nc4 21.Bxc4 Rxc4 22.O-O Nc5
23.Bd4 Nb3 24.Qe2 Rfc8 25.Be5 f6 26.Bd6 Qb6 27.e5 Rxf4 28.Kh1 Bb5 29.Nd3 Rxf1+
30.Rxf1 f5 31.a4 Bc4 32.Rb1 Qa6 33.Qh5 Bxd3 34.Rxb3 Bc2 35.Rb5 Qxa4  0-1

[Event "6th EICC"]
[Site "Warsaw POL"]
[Date "2005.06.27"]
[Round "9"]
[White "Bente,B"]
[Black "Kuljasevic,D"]
[Result "0-1"]
[WhiteElo "2218"]
[BlackElo "2408"]

1.d4 Nf6 2.c4 e6 3.Nc3 Bb4 4.f3 c5 5.d5 b5 6.e4 O-O 7.Bg5 h6 8.Be3 bxc4 9.Bxc4 Bb7
10.d6 Nd5 11.Bd2 Nb6 12.Be2 c4 13.Be3 f5 14.exf5 Rxf5 15.Nh3 Nd5 16.Bd2 Qh4+
17.Nf2 Bc5 18.g3 Bxf2+ 19.Kxf2 Qd4+ 20.Kg2 Ne3+ 21.Bxe3 Qxe3 22.Rf1 Nc6 23.Qc1 Qe5
24.Qd2 Raf8 25.Rad1 Nb4 26.b3 cxb3 27.axb3 Nd5 28.Nxd5 Bxd5 29.b4 Qxd6 30.Qd4 Qb6
31.Rd2 Bc6 32.Qxb6 axb6 33.Ra1 Kf7 34.Ra6 Rb8 35.Kf2 Ke7 36.f4 g5 37.Ke3 gxf4+
38.gxf4 b5 39.Ra7 Rb7 40.Ra8 Rf8 41.Rxf8 Kxf8 42.Kd4 Ke7 43.Kc5 Rb8 44.Ra2 Rf8
45.Ra5 Rf5+  0-1

[Event "6th EICC"]
[Site "Warsaw POL"]
[Date "2005.06.29"]
[Round "11"]
[White "Volkov,S1"]
[Black "Balogh,C"]
[Result "0-1"]
[WhiteElo "2634"]
[BlackElo "2531"]

1.d4 Nf6 2.c4 e6 3.Nc3 Bb4 4.f3 d5 5.a3 Bxc3+ 6.bxc3 O-O 7.cxd5 exd5 8.e3 c5
9.Ra2 Qa5 10.Kf2 Nc6 11.Ne2 h5 12.h3 h4 13.Kg1 Re8 14.Bd2 Ne7 15.g4 hxg3
16.Nxg3 Qc7 17.Qe1 Nf5 18.Nxf5 Bxf5 19.Rh2 Re6 20.Qh4 Nh7 21.Rg2 Qb6 22.dxc5 Qb1
23.Be1 g5 24.Rae2 Bd3 25.Qb4 Qxb4 26.cxb4 Bxe2 27.Rxe2 b6 28.Bc3 bxc5 29.bxc5 Rc6
30.Bd4 Nf8 31.Rg2 Ne6 32.Bb5 Rc7 33.h4 Rb8 34.a4 a6 35.Bxa6 Rb4 36.Bb5 Nxd4
37.Rxg5+ Kf8 38.exd4 Rxd4 39.c6 Ke7 40.Kf2 Kd6 41.Rh5 Re7 42.Kg3 f6 43.Rh8 Rg7+
44.Kf2 f5 45.Ke3 Kc5 46.h5 f4+ 47.Kf2 Rd2+ 48.Kf1 Rdg2 49.Ke1 Rg1+ 50.Bf1 Kxc6
51.h6 Re7+ 52.Kf2 Rh1 53.a5 Re6 54.h7 Rh2+ 55.Kg1 Reh6 56.Rc8+ Kd6 57.Rd8+ Kc5
58.Rf8 Rxh7 59.Rxf4 Ra2 60.a6 Re7 61.Rg4 Re1 62.Rg2 Rxa6 63.Rc2+ Kd6 64.Kf2 Raa1
65.Be2 Rh1 66.Rd2 Ke5 67.Rb2 d4 68.Rb8 Ra2 69.Re8+ Kf6 70.Kg3 Re1 71.Kf2 Rc1
72.Kg3 Rc3 73.Bb5 d3 74.Rd8 d2 75.Be2 Re3 76.Bc4 Rb2 77.Rd6+ Ke7 78.Rd4 Re1  0-1

[Event "6th EICC"]
[Site "Warsaw POL"]
[Date "2005.06.30"]
[Round "12"]
[White "Kadziolka,B"]
[Black "Guadalpi,D"]
[Result "1-0"]
[WhiteElo "2311"]
[BlackElo "2317"]

1.d4 Nf6 2.c4 e6 3.Nc3 Bb4 4.f3 d5 5.a3 Bxc3+ 6.bxc3 c6 7.e3 Nbd7 8.Bd3 O-O
9.Ne2 b6 10.cxd5 cxd5 11.O-O Bb7 12.Ng3 Qc8 13.Bd2 Ba6 14.Bxa6 Qxa6 15.e4 Rfc8
16.e5 Ne8 17.f4 g6 18.h4 Rc7 19.h5 Ng7 20.Qf3 Qc4 21.Rae1 Nf8 22.Nh1 Rac8
23.Nf2 Qa2 24.Re2 Qxa3 25.Ng4 Nxh5 26.Nh6+ Kg7 27.f5 exf5 28.Nxf5+ gxf5 29.Qxh5 Rc6
30.Qxf5 R8c7 31.e6 fxe6 32.Bh6+ Kxh6 33.Qf6+ Ng6 34.Kf2  1-0

[Event "6th EICC"]
[Site "Warsaw POL"]
[Date "2005.07.01"]
[Round "13"]
[White "Sargissian,G"]
[Black "Nyback,T"]
[Result "1-0"]
[WhiteElo "2630"]
[BlackElo "2551"]

1.d4 Nf6 2.c4 e6 3.Nc3 Bb4 4.f3 c5 5.d5 b5 6.e4 bxc4 7.Bxc4 exd5 8.Bxd5 Nxd5
9.Qxd5 Nc6 10.Ne2 Ba6 11.Be3 Rb8 12.Rd1 O-O 13.Kf2 Qf6 14.Bg5 Qe6 15.Nf4 Qe8
16.Nh5 Bxc3 17.bxc3 Rb2+ 18.Rd2 Rxd2+ 19.Bxd2 Ne5 20.Bh6 Qb8 21.Bxg7 Nd3+
22.Ke3 Qb2 23.c4 Qxg2 24.Bxf8 Nb4 25.Qxc5 Nc2+ 26.Kf4 Qd2+ 27.Kg3 Nd4 28.Bh6  1-0

[Event "Canadian Open"]
[Site "Edmonton CAN"]
[Date "2005.07.09"]
[Round "10"]
[White "Bluvshtein,M"]
[Black "Kunte,A"]
[Result "1/2-1/2"]
[WhiteElo "2525"]
[BlackElo "2561"]

1.d4 Nf6 2.c4 e6 3.Nc3 Bb4 4.f3 O-O 5.a3 Bxc3+ 6.bxc3 b6 7.Bg5 h6 8.Bh4 d5
9.cxd5 exd5 10.e3 Re8 11.Bf2 c5 12.Bb5 Bd7 13.Bd3 Nc6 14.Ne2 Na5 15.O-O cxd4
16.cxd4 Rc8 17.Ng3 Nc4 18.Qe2 b5 19.e4 dxe4 20.fxe4 Bg4 21.Qa2 Nh5 22.Nxh5 Bxh5
23.a4 a6 24.axb5 axb5 25.Rfe1 Bg6 26.Rab1 Nd6 27.Qd5 Rc3 28.Bxb5 Bxe4 29.Qh5 Bg6
30.Qd5 Ne4 31.Qxd8 Rxd8 32.Rbd1 Bh5 33.Rd3 Rxd3  1/2-1/2

[Event "Open"]
[Site "Barbera del Valles ESP"]
[Date "2005.07.10"]
[Round "7"]
[White "Moskalenko,V"]
[Black "Rotstein,A"]
[Result "1/2-1/2"]
[WhiteElo "2534"]
[BlackElo "2520"]

1.d4 Nf6 2.c4 e6 3.Nc3 Bb4 4.f3 O-O 5.a3 Bxc3+ 6.bxc3 Ne8 7.e4 b6 8.Bd3 Ba6
9.Nh3 Nc6 10.O-O Na5 11.Qe2 c5 12.d5 exd5 13.exd5 Nb3 14.Bxh7+ Kxh7 15.Qc2+ Kg8
16.Qxb3 Nd6 17.Bf4 Bxc4 18.Qc2 Qf6 19.Rfe1 Rfe8 20.Ng5 Qf5 21.Qd2 f6 22.Bxd6 Qxg5
23.Qxg5 fxg5 24.Be7 Bxd5 25.Bxg5 Bc4 26.Kf2 d5 27.Rxe8+ Rxe8 28.Re1 Rxe1
29.Kxe1 Kf7 30.Bf4 Ke6 31.Bb8 Kd7 32.h4 g6 33.g4 a5 34.Kd2 b5 35.h5 gxh5
36.gxh5 Ke6 37.Bd6 b4 38.Bxc5 b3 39.h6 Kf7 40.a4 Kg6 41.Bf8 Be2 42.f4 Bg4
43.Kc1 Bd7 44.Kb2 Bxa4 45.f5+ Kh7 46.f6 Be8 47.Kxb3 Kg6 48.Bg7 Kh7 49.Kc2 Bf7
50.Kd3 a4 51.Kc2 a3 52.Kb1 d4 53.cxd4 a2+ 54.Kb2 Kg6 55.Ka1  1/2-1/2

[Event "27th Open"]
[Site "Oberwart AUT"]
[Date "2005.07.10"]
[Round "2"]
[White "Aschenbrenner,R"]
[Black "Ruck,R"]
[Result "1/2-1/2"]
[WhiteElo "2265"]
[BlackElo "2546"]

1.d4 Nf6 2.c4 e6 3.Nc3 Bb4 4.f3 d5 5.a3 Bxc3+ 6.bxc3 c5 7.cxd5 exd5 8.e3 O-O
9.Bd3 b6 10.Ne2 Ba6 11.Bb1 Nc6 12.O-O cxd4 13.cxd4 Re8 14.Re1 Na5 15.Ng3 Rc8
16.Bf5 Rc6 17.e4 Bc8 18.e5 Bxf5 19.Nxf5 Nd7 20.Nd6 Rf8 21.Be3 a6 22.f4 Nc4  1/2-1/2

[Event "16th Open"]
[Site "Ljubljana SLO"]
[Date "2005.07.11"]
[Round "4"]
[White "De Val,D"]
[Black "Navinsek,T"]
[Result "1-0"]
[WhiteElo "2155"]
[BlackElo "2325"]

1.d4 Nf6 2.c4 e6 3.Nc3 Bb4 4.f3 d5 5.a3 Bxc3+ 6.bxc3 b6 7.cxd5 exd5 8.e3 O-O
9.Bd3 Re8 10.Ne2 Ba6 11.O-O Bxd3 12.Qxd3 Qc8 13.Ng3 Qa6 14.Qf5 Nc6 15.e4 Ne7
16.Qf4 Ng6 17.Qe3 dxe4 18.fxe4 Re6 19.e5 Nd7 20.Rxf7 Nf6 21.Qf3 Rc8 22.Rxg7+ Kxg7
23.exf6+ Kh8 24.Bh6 Qc4 25.Bg7+ Kg8 26.Nf5 h6 27.Nxh6+ Kh7 28.Nf5 Rce8 29.Rf1 Re1
30.Qh5+ Kg8 31.f7+ Qxf7 32.Nh6+ Kxg7 33.Nxf7 Rxf1+ 34.Kxf1 Rf8 35.Qh6+ Kxf7
36.Qh7+ Ke6+ 37.Kg1 Nf4 38.Qe4+ Kd7 39.g3 Ne6 40.Qd5+ Ke7 41.Qe5 Kd7 42.d5 Nc5
43.Qg7+ Ke8 44.Qxc7 Nd7 45.d6  1-0

[Event "Open"]
[Site "Barbera del Valles ESP"]
[Date "2005.07.12"]
[Round "9"]
[White "Panelo,M"]
[Black "Del Rio Angelis,S"]
[Result "1/2-1/2"]
[WhiteElo "2404"]
[BlackElo "2470"]

1.d4 Nf6 2.c4 e6 3.Nc3 Bb4 4.f3 d5 5.a3 Bxc3+ 6.bxc3 O-O 7.cxd5 exd5 8.e3 Bf5
9.Ne2 Nbd7 10.g4 Nxg4 11.fxg4 Qh4+ 12.Kd2 Be4 13.Rg1 Nb6 14.Rg3 Qxh2 15.Qe1 f5
16.Rh3 Qd6 17.g5 g6 18.Qg3 Qc6 19.Ke1 Bd3 20.Bd2 Nc4 21.Qh2 Rf7 22.Nf4 Bxf1
23.Kxf1 Qb5 24.Kg1 Qb2 25.Rd1 Qc2 26.Qe2 c6 27.Bc1 Qxe2 28.Nxe2 Nd6 29.Nf4 Ne4
30.Bd2 Nxg5 31.Rg3 Ne4 32.Rg2 Re8 33.Nd3 Nxd2 34.Rdxd2 Rxe3 35.Ne5 Re7 36.Rc2 Kg7
37.Kf2 Rh3 38.a4 a5 39.Ke1 Rh1+ 40.Kd2 Kf6 41.c4 dxc4 42.Rxc4 Ra1 43.Rg3 Ra2+
44.Kc1 f4 45.Rf3 g5 46.Kb1 Rg2 47.Rc5 h5 48.Kc1 h4 49.Rxa5 Rg3 50.Rf1 h3
51.Ra8 h2 52.Rh8 Rg1 53.Rd1 c5 54.Rxh2 Rxd1+ 55.Kxd1 cxd4 56.Nf3 g4 57.Rh6+ Kg7
58.Rh4 gxf3 59.Rg4+ Kf6 60.Rxf4+ Ke5 61.Rxf3 Ke4 62.Rb3 Rh7 63.a5 d3 64.Rb6 Kd4
65.Rb5 Kc4 66.Rg5 Rh1+ 67.Kd2 Rh2+ 68.Kd1 Rb2 69.Rg7 Kc5 70.Rc7+ Kd6 71.Rc3 d2
72.Ra3 Kc7 73.a6 bxa6 74.Rxa6  1/2-1/2

[Event "WYb18"]
[Site "Belfort FRA"]
[Date "2005.07.19"]
[Round "1"]
[White "Bluvshtein,M"]
[Black "Bitelmajer,M"]
[Result "1-0"]
[WhiteElo "2525"]
[BlackElo "2243"]

1.d4 Nf6 2.c4 e6 3.Nc3 Bb4 4.f3 d5 5.a3 Bxc3+ 6.bxc3 b6 7.cxd5 exd5 8.e3 O-O
9.Bd3 Re8 10.Ne2 c5 11.O-O Bb7 12.Ng3 Nbd7 13.a4 Nf8 14.a5 c4 15.Bc2 bxa5
16.Re1 Ng6 17.e4 dxe4 18.fxe4 Qc7 19.Qf3 Qb6 20.Rb1 Qa6 21.Bg5 Re6 22.Qf2 h6
23.Bd2 Rae8 24.e5 Nd7 25.Nf5 Rf8 26.h4 Ne7 27.h5 Rb8 28.Rf1 Qc6 29.Nxh6+ gxh6
30.Qxf7+ Kh8 31.Qh7+  1-0

[Event "Politiken Cup"]
[Site "Copenhagen DEN"]
[Date "2005.07.20"]
[Round "6"]
[White "Penalver,O"]
[Black "Thomassen,J"]
[Result "1-0"]
[WhiteElo "2108"]
[BlackElo "1984"]

1.d4 Nf6 2.c4 e6 3.Nc3 Bb4 4.f3 c5 5.d5 Bxc3+ 6.bxc3 d6 7.Bg5 h6 8.Bh4 e5
9.e4 Nbd7 10.Bd3 Nf8 11.Ne2 Ng6 12.Bf2 Nh5 13.Be3 Nhf4 14.Bxf4 exf4 15.g3 Qf6
16.gxf4 Qh4+ 17.Kd2 Nxf4 18.Qe1 Ng6 19.Qg3 Qxg3 20.hxg3 Rf8 21.f4 f5 22.Rhb1 Rb8
23.a4 Kd8 24.a5 Kc7 25.Re1 fxe4 26.Bxe4 Bf5 27.Bxf5 Rxf5 28.Nc1 Rbf8 29.Nd3 R5f6
30.Re2 Kd7 31.Rb1 Rb8 32.Nf2 Rf7 33.Re6 Rf6 34.Rxf6 gxf6 35.Ng4 Kc7 36.Nxf6 Rf8
37.Ne4 h5 38.Ng5 Kc8 39.Re1 Rf6 40.Ne4  1-0

[Event "Open A"]
[Site "Pardubice CZE"]
[Date "2005.07.22"]
[Round "1"]
[White "Hlavacek,R"]
[Black "Arutinian,D"]
[Result "0-1"]
[WhiteElo "2254"]
[BlackElo "2446"]

1.d4 Nf6 2.c4 e6 3.Nc3 Bb4 4.f3 d5 5.a3 Bxc3+ 6.bxc3 c5 7.e3 Nc6 8.Ne2 dxc4
9.Qa4 O-O 10.Ng3 cxd4 11.exd4 e5 12.Bxc4 exd4 13.O-O dxc3 14.Rd1 Qa5 15.Qb3 Qc5+
16.Kh1 Ne5 17.Bd5 c2 18.Rd2 Nxd5 19.Rxd5 Qc4 20.Qxc4 Nxc4 21.Ra2 Be6  0-1

[Event "Open A"]
[Site "Pardubice CZE"]
[Date "2005.07.22"]
[Round "1"]
[White "Kadziolka,B"]
[Black "Sprenger,J"]
[Result "0-1"]
[WhiteElo "2309"]
[BlackElo "2508"]

1.d4 Nf6 2.c4 e6 3.Nc3 Bb4 4.f3 d5 5.a3 Bxc3+ 6.bxc3 c5 7.cxd5 exd5 8.e3 O-O
9.Bd3 b6 10.Ne2 Re8 11.O-O Ba6 12.Bxa6 Nxa6 13.Ng3 Nc7 14.Ra2 Qd7 15.Re2 Nb5
16.Qd3 Nd6 17.e4 Qb5 18.Qxb5 Nxb5 19.e5 Nd7 20.Bb2 g6 21.a4 Nc7 22.f4 f5
23.exf6 Rxe2 24.Nxe2 Re8 25.Ng3 cxd4 26.cxd4 Nxf6 27.Rc1 Ne6 28.f5 gxf5 29.Nxf5 Nf4
30.Rc8 a6 31.Rxe8+ Nxe8 32.g3 Ng6 33.Kf2 Kf7 34.Kf3 Ke6 35.g4 Nf6 36.h4 Ne4
37.h5 Nd2+ 38.Ke2 Nc4 39.Bc1 Nf8 40.Ne3 Nd7 41.Nc2 Nf6 42.Kf3 Ne4 43.Kf4 a5
44.g5 Nc3 45.g6 hxg6 46.h6 Kf7 47.Kg5 Nxa4 48.h7 Kg7 49.h8=Q+ Kxh8 50.Kxg6 b5
51.Kf6 b4 52.Ke6 Nc3 53.Kd7 b3 54.Na1 a4  0-1

[Event "Politiken Cup"]
[Site "Copenhagen DEN"]
[Date "2005.07.24"]
[Round "10"]
[White "Asgeirsson,H"]
[Black "Petersen,PB"]
[Result "1-0"]
[WhiteElo "2118"]
[BlackElo "2186"]

1.d4 Nf6 2.c4 e6 3.Nc3 Bb4 4.f3 Nc6 5.e4 d6 6.Ne2 Qd7 7.a3 Bxc3+ 8.Nxc3 e5
9.d5 Ne7 10.Bg5 Nfg8 11.Bd3 Ng6 12.c5 a6 13.cxd6 Qxd6 14.Qa4+ Bd7 15.Bb5 N8e7
16.Rc1 Rb8 17.Bxd7+ Qxd7 18.O-O Qxa4 19.Nxa4 Kd7 20.Rfd1 Rhc8 21.d6 cxd6
22.Nb6+ Ke6 23.Nxc8 Rxc8 24.Bxe7 Nxe7 25.Rxc8 Nxc8 26.Kf2 Ne7 27.Ke3 f5 28.Rd3 Kd7
29.f4 fxe4 30.Kxe4 exf4 31.Kxf4 Ng6+ 32.Ke4 Ne5 33.Rh3 h6 34.Rg3 g6 35.Kd5 Nc6
36.a4 h5 37.Ke4 Ne5 38.Rb3 Kc6 39.a5 Nd7 40.Kd4 Kc7 41.Rc3+ Nc5 42.b4  1-0

[Event "Open A"]
[Site "Pardubice CZE"]
[Date "2005.07.25"]
[Round "4"]
[White "Henrichs,T"]
[Black "Laznicka,V"]
[Result "1-0"]
[WhiteElo "2413"]
[BlackElo "2517"]

1.d4 Nf6 2.c4 e6 3.Nc3 Bb4 4.f3 d5 5.a3 Bxc3+ 6.bxc3 O-O 7.cxd5 exd5 8.e3 Bf5
9.Ne2 c5 10.g4 Be6 11.Bg2 Nc6 12.O-O Re8 13.h3 Rc8 14.Rb1 b6 15.Nf4 Qd6 16.Rb2 Na5
17.Rbf2 Red8 18.Kh1 Nc4 19.Qd3 b5 20.Ne2 Qb6 21.e4 cxd4 22.cxd4 Nd7 23.e5 f6
24.f4 fxe5 25.fxe5 Rf8 26.Nf4 Qc6 27.Nxe6 Qxe6 28.Rf5 g6 29.Qg3 Ncb6 30.Bh6 Rfe8
31.R5f2 a5 32.Qb3 Rc4 33.Rf4 b4 34.axb4 a4 35.Qf3 Rcc8 36.b5 Ra8 37.Qa3 Nc4
38.Qf3 Ncb6 39.Qd3 a3 40.Ra1 g5 41.Bxg5 Nxe5 42.dxe5 Qxe5 43.Rxa3 Qxg5 44.Rxa8 Rxa8
45.Qe3 Qh6 46.Qe5 Rd8 47.Rf5 d4 48.Qe7 Rf8 49.Rxf8+ Qxf8 50.Qe6+  1-0

[Event "Open A"]
[Site "Pardubice CZE"]
[Date "2005.07.25"]
[Round "4"]
[White "Lamby,P"]
[Black "Sechting,M"]
[Result "1-0"]
[WhiteElo "2237"]
[BlackElo "2132"]

1.d4 Nf6 2.c4 e6 3.Nc3 Bb4 4.f3 c5 5.d5 Nh5 6.Nh3 Qh4+ 7.Nf2 Qxc4 8.e4 Bxc3+
9.bxc3 Qxc3+ 10.Bd2 Qd4 11.Qc1 exd5 12.Bc3 Qa4 13.Qg5 d4 14.Bd2 Nc6 15.Qxh5 c4
16.Qc5 d3 17.g3 f6 18.Bg2 b6 19.Qd5 Ba6 20.O-O Qc2 21.Bh3 Rd8 22.Bf4 Ne7
23.Qh5+ Ng6 24.Bf5 O-O 25.Bxg6 hxg6 26.Qxg6 d2 27.Ng4 d5 28.Ne3 Qa4 29.Nf5 Qd7
30.Bxd2 d4 31.Bb4 Rfe8 32.Nh6+ Kh8 33.Nf7+ Kg8 34.Nxd8 Rxd8 35.Rfd1 Bb7 36.Bc3 d3
37.Bxf6 Qf7 38.Qxf7+  1-0

[Event "Open A"]
[Site "Pardubice CZE"]
[Date "2005.07.25"]
[Round "4"]
[White "Czakon,J"]
[Black "Sachdev,T"]
[Result "1/2-1/2"]
[WhiteElo "2461"]
[BlackElo "2343"]

1.d4 Nf6 2.c4 e6 3.Nc3 Bb4 4.f3 d5 5.a3 Be7 6.e4 dxe4 7.fxe4 e5 8.d5 O-O
9.Nf3 Re8 10.Bd3 Bc5 11.Bg5 h6 12.Bh4 c6 13.Qe2 Bd4 14.Rc1 Nbd7 15.Nd1 cxd5
16.cxd5  1/2-1/2

[Event "GM"]
[Site "Biel SUI"]
[Date "2005.07.27"]
[Round "10"]
[White "Bauer,Ch"]
[Black "Pelletier,Y"]
[Result "1-0"]
[WhiteElo "2641"]
[BlackElo "2603"]

1.c4 Nf6 2.d4 e6 3.Nc3 Bb4 4.f3 d5 5.a3 Bxc3+ 6.bxc3 c6 7.Qc2 O-O 8.e4 dxe4
9.fxe4 e5 10.Nf3 Re8 11.Bd3 c5 12.d5 Nbd7 13.O-O Nf8 14.Rb1 Ng6 15.Qf2 b6
16.Nh4 Rf8 17.Nf5 Ne8 18.Qg3 f6 19.h4 Bxf5 20.exf5 Ne7 21.h5 Kh8 22.h6 Rf7
23.Qh4 Ng8 24.hxg7+ Rxg7 25.a4 a5 26.Be3 Nd6 27.Rf2 Rb8 28.Kh1 Rbb7 29.g4 h6
30.Rh2 Rh7 31.Qe1 Qe8 32.Qd1 h5 33.Rbb2 hxg4 34.Qxg4 e4 35.Bf1 Qe5 36.Bf4 Qxf5
37.Qg3 Rg7 38.Rxh7+ Qxh7+ 39.Rh2 Nf5 40.Qf2 Nfh6 41.Bxh6  1-0